[Event "U14 Polish Youth Championship"]
[Site "chess24.com"]
[Date "2018.05.01"]
[Round "4"]
[White "Kozlowski, Michal"]
[Black "Cwiek, Ryszard"]
[Result "1/2-1/2"]
[Board "17"]
[WhiteElo "1648"]
[WhiteCountry "POL"]
[WhiteFideId "21838194"]
[WhiteEloChange "4"]
[BlackElo "1809"]
[BlackCountry "POL"]
[BlackFideId "21840920"]
[BlackEloChange "-4"]

1. e4 {[%clk 1:30:48]} d6 {[%clk 1:30:29]} 2. d4 {[%clk 1:29:52]} Nf6 {[%clk
1:30:06]} 3. Nc3 {[%clk 1:27:38]} g6 {[%clk 1:28:55]} 4. Nf3 {[%clk 1:27:12]} Bg4
{[%clk 1:27:31]} 5. Be2 {[%clk 1:27:06]} Bg7 {[%clk 1:26:10]} 6. Be3 {[%clk
1:26:34]} c6 {[%clk 1:24:58]} 7. h3 {[%clk 1:26:18]} Bxf3 {[%clk 1:24:37]} 8.
Bxf3 {[%clk 1:26:40]} Nbd7 {[%clk 1:23:57]} 9. O-O {[%clk 1:24:01]} O-O {[%clk
1:22:09]} 10. Be2 {[%clk 1:14:27]} c5 {[%clk 1:06:22]} 11. Qd2 {[%clk 0:57:35]}
Qa5 {[%clk 1:00:47]} 12. f3 {[%clk 0:52:58]} a6 {[%clk 0:55:30]} 13. a3 {[%clk
0:49:27]} Qc7 {[%clk 0:51:56]} 14. Rac1 {[%clk 0:36:44]} Rfd8 {[%clk 0:47:46]}
15. b3 {[%clk 0:24:43]} Rac8 {[%clk 0:46:14]} 16. d5 {[%clk 0:22:20]} Qa5 {[%clk
0:45:20]} 17. Nb1 {[%clk 0:22:25]} Qxd2 {[%clk 0:43:24]} 18. Nxd2 {[%clk
0:20:38]} Ne8 {[%clk 0:41:02]} 19. a4 {[%clk 0:19:05]} Nc7 {[%clk 0:40:20]} 20.
Nc4 {[%clk 0:15:38]} Ra8 {[%clk 0:37:15]} 21. c3 {[%clk 0:14:44]} Rab8 {[%clk
0:34:31]} 22. Na5 {[%clk 0:14:56]} Ne5 {[%clk 0:33:38]} 23. f4 {[%clk 0:14:48]}
b6 {[%clk 0:33:29]} 24. fxe5 {[%clk 0:13:42]} bxa5 {[%clk 0:33:55]} 25. exd6
{[%clk 0:13:45]} exd6 {[%clk 0:34:20]} 26. Bc4 {[%clk 0:14:01]} Re8 {[%clk
0:33:48]} 27. Bf4 {[%clk 0:14:06]} Rb6 {[%clk 0:33:07]} 28. Rfe1 {[%clk 0:14:08]}
h5 {[%clk 0:31:40]} 29. Kf2 {[%clk 0:13:51]} Be5 {[%clk 0:30:50]} 30. Kf3 {[%clk
0:13:22]} Rbb8 {[%clk 0:30:49]} 31. h4 {[%clk 0:13:15]} Re7 {[%clk 0:29:56]} 32.
g3 {[%clk 0:13:15]} 1/2-1/2

[Event "U14 Polish Youth Championship"]
[Site "chess24.com"]
[Date "2018.05.01"]
[Round "4"]
[White "Kacprzak, Karol"]
[Black "Topola, Rafal"]
[Result "1/2-1/2"]
[Board "18"]
[WhiteElo "1794"]
[WhiteCountry "POL"]
[WhiteFideId "21819327"]
[WhiteEloChange "-4"]
[BlackElo "1660"]
[BlackCountry "POL"]
[BlackFideId "21830533"]
[BlackEloChange "4"]

1. e4 {[%clk 1:30:53]} c5 {[%clk 1:30:57]} 2. Nf3 {[%clk 1:30:52]} e6 {[%clk
1:31:21]} 3. d4 {[%clk 1:30:32]} cxd4 {[%clk 1:31:46]} 4. Nxd4 {[%clk 1:30:56]}
Nc6 {[%clk 1:32:12]} 5. Nxc6 {[%clk 1:29:03]} bxc6 {[%clk 1:32:37]} 6. Bd3 {[%clk
1:29:22]} d5 {[%clk 1:32:46]} 7. O-O {[%clk 1:28:51]} Nf6 {[%clk 1:32:27]} 8. Nd2
{[%clk 1:27:37]} Qc7 {[%clk 1:31:05]} 9. Re1 {[%clk 1:26:57]} Bd6 {[%clk
1:27:59]} 10. h3 {[%clk 1:26:49]} O-O {[%clk 1:27:49]} 11. Qe2 {[%clk 1:24:15]}
Nd7 {[%clk 1:20:32]} 12. Nf3 {[%clk 1:09:53]} Nc5 {[%clk 1:18:27]} 13. e5 {[%clk
1:06:24]} Be7 {[%clk 1:18:49]} 14. Be3 {[%clk 0:58:11]} Nxd3 {[%clk 1:18:21]} 15.
cxd3 {[%clk 0:58:27]} Ba6 {[%clk 1:16:18]} 16. Rac1 {[%clk 0:58:26]} Rfc8 {[%clk
1:15:52]} 17. Bc5 {[%clk 0:57:32]} Rab8 {[%clk 1:12:42]} 18. b3 {[%clk 0:41:23]}
Rb5 {[%clk 1:08:51]} 19. d4 {[%clk 0:31:44]} Rxc5 {[%clk 1:01:19]} 20. Qxa6
{[%clk 0:32:04]} Ra5 {[%clk 1:01:42]} 21. Qe2 {[%clk 0:32:04]} Ba3 {[%clk
1:02:02]} 22. Rc2 {[%clk 0:31:52]} Qb7 {[%clk 1:01:42]} 23. Qd3 {[%clk 0:27:59]}
c5 {[%clk 0:45:46]} 24. Ree2 {[%clk 0:24:14]} h6 {[%clk 0:37:56]} 25. dxc5 {[%clk
0:22:45]} Raxc5 {[%clk 0:38:08]} 26. Rxc5 {[%clk 0:22:55]} Rxc5 {[%clk 0:38:27]}
27. Rc2 {[%clk 0:23:09]} Qc7 {[%clk 0:35:27]} 28. Rxc5 {[%clk 0:21:01]} Bxc5
{[%clk 0:35:50]} 29. Qb5 {[%clk 0:19:31]} Kf8 {[%clk 0:35:05]} 30. b4 {[%clk
0:16:10]} Bb6 {[%clk 0:34:33]} 31. Qe2 {[%clk 0:10:24]} Qc3 {[%clk 0:34:10]} 32.
b5 {[%clk 0:09:38]} Qc1+ {[%clk 0:31:52]} 33. Kh2 {[%clk 0:09:44]} Qc4 {[%clk
0:30:38]} 34. Qb2 {[%clk 0:09:41]} Qc5 {[%clk 0:30:25]} 35. Kg1 {[%clk 0:08:55]}
Ke7 {[%clk 0:29:25]} 36. Kf1 {[%clk 0:07:07]} d4 {[%clk 0:29:00]} 37. Ne1 {[%clk
0:02:43]} Qxe5 {[%clk 0:25:57]} 38. Nd3 {[%clk 0:03:01]} Qd5 {[%clk 0:25:39]} 39.
f3 {[%clk 0:03:07]} Qc4 {[%clk 0:25:18]} 40. Ke2 {[%clk 0:02:43]} Kf6 {[%clk
0:23:41]} 41. Kd2 {[%clk 0:01:51]} Ba5+ {[%clk 0:23:31]} 42. Ke2 {[%clk 0:02:15]}
Qc3 {[%clk 0:23:49]} 43. Qxc3 {[%clk 0:01:55]} dxc3 {[%clk 0:24:10]} 44. Kd1
{[%clk 0:01:47]} e5 {[%clk 0:23:32]} 45. Nc5 {[%clk 0:01:40]} Kf5 {[%clk
0:22:55]} 46. Kc2 {[%clk 0:00:41]} f6 {[%clk 0:21:52]} 47. g3 {[%clk 0:01:01]} g5
{[%clk 0:21:51]} 48. Ne4 {[%clk 0:00:47]} h5 {[%clk 0:21:40]} 49. Nd6+ {[%clk
0:01:04]} 1/2-1/2

[Event "U14 Polish Youth Championship"]
[Site "chess24.com"]
[Date "2018.05.01"]
[Round "4"]
[White "Wolaniecki, Patryk"]
[Black "Wasik, Mateusz"]
[Result "1-0"]
[Board "19"]
[WhiteElo "1762"]
[WhiteCountry "POL"]
[WhiteFideId "1193783"]
[WhiteEloChange "6"]
[BlackElo "1624"]
[BlackCountry "POL"]
[BlackFideId "21867666"]
[BlackEloChange "-6"]

1. e4 {[%clk 1:30:59]} c5 {[%clk 1:30:53]} 2. Nf3 {[%clk 1:31:28]} Nc6 {[%clk
1:31:15]} 3. d4 {[%clk 1:31:54]} cxd4 {[%clk 1:31:40]} 4. Nxd4 {[%clk 1:32:22]}
Qb6 {[%clk 1:32:02]} 5. Nxc6 {[%clk 1:32:21]} dxc6 {[%clk 1:30:04]} 6. Bd3 {[%clk
1:32:38]} g6 {[%clk 1:29:25]} 7. O-O {[%clk 1:32:06]} Bg7 {[%clk 1:29:50]} 8. c3
{[%clk 1:32:35]} e5 {[%clk 1:27:21]} 9. Qc2 {[%clk 1:31:21]} Ne7 {[%clk 1:26:32]}
10. Be3 {[%clk 1:30:42]} Qc7 {[%clk 1:26:52]} 11. a4 {[%clk 1:30:18]} Be6 {[%clk
1:26:42]} 12. b4 {[%clk 1:29:38]} O-O {[%clk 1:26:44]} 13. Na3 {[%clk 1:27:02]}
f5 {[%clk 1:25:30]} 14. f3 {[%clk 1:26:25]} Rad8 {[%clk 1:22:39]} 15. Bc4 {[%clk
1:25:49]} Bxc4 {[%clk 1:21:23]} 16. Nxc4 {[%clk 1:26:17]} b6 {[%clk 1:21:07]} 17.
a5 {[%clk 1:21:37]} c5 {[%clk 1:18:28]} 18. Qb3 {[%clk 1:12:15]} b5 {[%clk
1:13:28]} 19. Na3+ {[%clk 0:55:55]} c4 {[%clk 1:13:34]} 20. Nxb5 {[%clk 0:50:43]}
cxb3 {[%clk 1:03:33]} 21. Nxc7 {[%clk 0:51:06]} Rd7 {[%clk 0:58:28]} 22. Ne6
{[%clk 0:50:17]} Rc8 {[%clk 0:58:22]} 23. Nc5 {[%clk 0:50:40]} Rd6 {[%clk
0:57:37]} 24. Rfb1 {[%clk 0:49:50]} f4 {[%clk 0:57:56]} 25. Bf2 {[%clk 0:49:47]}
Rd2 {[%clk 0:57:25]} 26. Nxb3 {[%clk 0:47:29]} Rc2 {[%clk 0:57:32]} 27. Bxa7
{[%clk 0:47:50]} R8xc3 {[%clk 0:57:24]} 28. Bc5 {[%clk 0:46:38]} Bf8 {[%clk
0:57:15]} 29. a6 {[%clk 0:46:44]} Nc6 {[%clk 0:56:34]} 30. Bxf8 {[%clk 0:47:07]}
Kxf8 {[%clk 0:57:00]} 31. b5 {[%clk 0:47:28]} Re3 {[%clk 0:56:40]} 32. bxc6
{[%clk 0:45:12]} Ree2 {[%clk 0:56:59]} 33. a7 {[%clk 0:45:23]} Rxg2+ {[%clk
0:57:20]} 34. Kf1 {[%clk 0:45:49]} Rxh2 {[%clk 0:56:18]} 35. a8Q+ {[%clk
0:46:15]} Kg7 {[%clk 0:56:30]} 36. Ra7+ {[%clk 0:45:47]} Kh6 {[%clk 0:55:33]} 37.
Qf8+ {[%clk 0:45:29]} Kg5 {[%clk 0:55:55]} 38. Qd8+ {[%clk 0:45:55]} Kh6 {[%clk
0:55:43]} 39. Nd2 {[%clk 0:46:18]} 1-0

[Event "U14 Polish Youth Championship"]
[Site "chess24.com"]
[Date "2018.05.01"]
[Round "4"]
[White "Skawinski, Szymon"]
[Black "Kalkowski, Igor"]
[Result "1-0"]
[Board "20"]
[WhiteElo "1399"]
[WhiteCountry "POL"]
[WhiteFideId "21802149"]
[WhiteEloChange "17"]
[BlackElo "1720"]
[BlackCountry "POL"]
[BlackFideId "21833966"]
[BlackEloChange "-17"]

1. e4 {[%clk 1:30:57]} e5 {[%clk 1:30:52]} 2. Nc3 {[%clk 1:31:04]} Nf6 {[%clk
1:31:14]} 3. f4 {[%clk 1:31:04]} d5 {[%clk 1:31:32]} 4. fxe5 {[%clk 1:30:55]}
Nxe4 {[%clk 1:31:30]} 5. d3 {[%clk 1:30:58]} Nxc3 {[%clk 1:31:30]} 6. bxc3 {[%clk
1:31:22]} d4 {[%clk 1:31:21]} 7. Nf3 {[%clk 1:30:11]} Nc6 {[%clk 1:30:23]} 8. Be2
{[%clk 1:29:01]} Bc5 {[%clk 1:25:07]} 9. O-O {[%clk 1:27:00]} O-O {[%clk
1:15:45]} 10. Qe1 {[%clk 1:22:45]} Re8 {[%clk 1:06:36]} 11. Qg3 {[%clk 1:08:33]}
dxc3+ {[%clk 1:04:36]} 12. Kh1 {[%clk 1:08:17]} Nd4 {[%clk 1:03:20]} 13. Bd1
{[%clk 1:04:37]} Nxf3 {[%clk 0:41:17]} 14. Bxf3 {[%clk 1:04:27]} Qd4 {[%clk
0:35:48]} 15. Bf4 {[%clk 1:00:01]} c6 {[%clk 0:25:21]} 16. Rae1 {[%clk 0:55:08]}
Bf5 {[%clk 0:19:19]} 17. h4 {[%clk 0:48:00]} Kh8 {[%clk 0:15:35]} 18. Bh5 {[%clk
0:44:08]} Qd7 {[%clk 0:07:49]} 19. Bf3 {[%clk 0:38:07]} Qe6 {[%clk 0:06:04]} 20.
Rb1 {[%clk 0:34:29]} b5 {[%clk 0:04:11]} 21. Rb3 {[%clk 0:29:52]} Bd4 {[%clk
0:04:01]} 22. Re1 {[%clk 0:28:58]} Rac8 {[%clk 0:03:18]} 23. Re2 {[%clk 0:28:34]}
a5 {[%clk 0:03:29]} 24. a3 {[%clk 0:27:18]} Bxd3 {[%clk 0:03:29]} 25. Bg4 {[%clk
0:25:46]} Bf5 {[%clk 0:03:13]} 26. Bf3 {[%clk 0:24:51]} Red8 {[%clk 0:03:16]} 27.
Bg5 {[%clk 0:23:28]} Rd7 {[%clk 0:02:59]} 28. Qf4 {[%clk 0:22:30]} h6 {[%clk
0:02:24]} 29. Bf6 {[%clk 0:19:14]} Kh7 {[%clk 0:01:19]} 30. g4 {[%clk 0:17:11]}
Bxc2 {[%clk 0:00:43]} 31. Rxc2 {[%clk 0:16:50]} Qxb3 {[%clk 0:01:11]} 32. Qf5+
{[%clk 0:16:40]} g6 {[%clk 0:01:26]} 33. Qxd7 {[%clk 0:16:59]} Qb1+ {[%clk
0:01:50]} 34. Kg2 {[%clk 0:16:59]} Qxc2+ {[%clk 0:01:09]} 35. Kh3 {[%clk
0:17:08]} Rf8 {[%clk 0:01:19]} 36. Qxd4 {[%clk 0:17:20]} Qd2 {[%clk 0:01:03]} 37.
Qc5 {[%clk 0:17:18]} Kg8 {[%clk 0:01:14]} 38. Be4 {[%clk 0:16:54]} Qe2 {[%clk
0:00:56]} 39. Qxc6 {[%clk 0:16:46]} Qf1+ {[%clk 0:01:08]} 40. Kg3 {[%clk
0:16:55]} Qe1+ {[%clk 0:01:24]} 41. Kh3 {[%clk 0:17:19]} Qe3+ {[%clk 0:01:46]}
42. Kg2 {[%clk 0:17:36]} Qe2+ {[%clk 0:01:35]} 43. Kh3 {[%clk 0:17:58]} Qf1+
{[%clk 0:01:37]} 44. Kg3 {[%clk 0:18:24]} Qe1+ {[%clk 0:01:58]} 45. Kh3 {[%clk
0:18:47]} b4 {[%clk 0:02:09]} 46. axb4 {[%clk 0:18:38]} axb4 {[%clk 0:02:37]} 47.
Qc4 {[%clk 0:18:36]} Qe3+ {[%clk 0:02:36]} 48. Kg2 {[%clk 0:18:58]} Rb8 {[%clk
0:02:47]} 49. Bxg6 {[%clk 0:19:05]} Qd2+ {[%clk 0:02:38]} 50. Kh3 {[%clk
0:19:23]} Qe3+ {[%clk 0:02:45]} 51. Kg2 {[%clk 0:19:23]} Qa7 {[%clk 0:02:21]} 52.
e6 {[%clk 0:15:35]} fxe6 {[%clk 0:00:57]} 53. Qxe6+ {[%clk 0:16:00]} Kf8 {[%clk
0:01:25]} 54. Qd6+ {[%clk 0:15:36]} Kg8 {[%clk 0:01:53]} 55. Bf5 {[%clk 0:07:43]}
Qb7+ {[%clk 0:01:36]} 56. Kg3 {[%clk 0:08:07]} Re8 {[%clk 0:00:57]} 57. Be6+
{[%clk 0:08:10]} Rxe6 {[%clk 0:01:26]} 58. Qxe6+ {[%clk 0:08:33]} Kf8 {[%clk
0:01:42]} 59. Be5 {[%clk 0:08:01]} b3 {[%clk 0:00:38]} 60. Qxh6+ {[%clk 0:08:01]}
1-0

[Event "U14 Polish Youth Championship"]
[Site "chess24.com"]
[Date "2018.05.01"]
[Round "4"]
[White "Jozefczyk, Szymon"]
[Black "Kietrys, Maciej"]
[Result "1/2-1/2"]
[Board "21"]
[WhiteElo "1562"]
[WhiteCountry "POL"]
[WhiteFideId "21837171"]
[WhiteEloChange "4"]
[BlackElo "1699"]
[BlackCountry "POL"]
[BlackFideId "21820732"]
[BlackEloChange "-4"]

1. e4 {[%clk 1:30:56]} g6 {[%clk 1:30:19]} 2. d4 {[%clk 1:31:15]} Bg7 {[%clk
1:30:45]} 3. Nc3 {[%clk 1:31:36]} d6 {[%clk 1:30:44]} 4. f4 {[%clk 1:31:51]} e6
{[%clk 1:27:13]} 5. Be3 {[%clk 1:26:39]} Nd7 {[%clk 1:26:47]} 6. Qd2 {[%clk
1:21:06]} a6 {[%clk 1:26:08]} 7. Be2 {[%clk 1:20:58]} b6 {[%clk 1:24:55]} 8. Bf3
{[%clk 1:20:03]} Bb7 {[%clk 1:24:56]} 9. e5 {[%clk 1:17:13]} d5 {[%clk 1:21:10]}
10. Nge2 {[%clk 1:14:07]} Ne7 {[%clk 1:20:54]} 11. g4 {[%clk 1:07:58]} c5 {[%clk
1:20:10]} 12. h4 {[%clk 1:04:17]} Qc7 {[%clk 1:19:00]} 13. h5 {[%clk 1:00:47]}
O-O-O {[%clk 1:17:00]} 14. Bf2 {[%clk 0:51:55]} Nc6 {[%clk 1:15:17]} 15. a3
{[%clk 0:41:32]} Kb8 {[%clk 1:13:44]} 16. Rc1 {[%clk 0:39:22]} Na5 {[%clk
1:09:29]} 17. b3 {[%clk 0:36:50]} Rc8 {[%clk 1:09:18]} 18. Nb1 {[%clk 0:32:39]}
Bf8 {[%clk 1:08:46]} 19. Qc3 {[%clk 0:26:50]} Qd8 {[%clk 1:05:48]} 20. Qd2 {[%clk
0:26:37]} Be7 {[%clk 1:05:34]} 21. Kf1 {[%clk 0:23:48]} Qc7 {[%clk 0:58:39]} 22.
Qc3 {[%clk 0:23:33]} f6 {[%clk 0:57:58]} 23. exf6 {[%clk 0:20:56]} Bxf6 {[%clk
0:57:22]} 24. g5 {[%clk 0:20:53]} Be7 {[%clk 0:57:11]} 25. hxg6 {[%clk 0:16:24]}
hxg6 {[%clk 0:57:21]} 26. Rxh8 {[%clk 0:16:38]} Rxh8 {[%clk 0:57:36]} 27. dxc5
{[%clk 0:16:58]} Rf8 {[%clk 0:55:45]} 28. cxb6 {[%clk 0:16:03]} Qxc3 {[%clk
0:55:09]} 29. Nexc3 {[%clk 0:15:09]} Bxg5 {[%clk 0:54:06]} 30. fxg5 {[%clk
0:14:33]} Rxf3 {[%clk 0:54:21]} 31. Ke2 {[%clk 0:14:32]} Rf5 {[%clk 0:52:05]} 32.
Rg1 {[%clk 0:13:18]} e5 {[%clk 0:51:56]} 33. Nd2 {[%clk 0:13:19]} Bc6 {[%clk
0:49:11]} 34. b4 {[%clk 0:12:45]} Nb7 {[%clk 0:48:35]} 35. Rh1 {[%clk 0:11:37]}
Nd6 {[%clk 0:46:59]} 36. Rh8+ {[%clk 0:10:47]} Nc8 {[%clk 0:44:39]} 37. Nb3
{[%clk 0:09:01]} d4 {[%clk 0:40:40]} 38. Nb1 {[%clk 0:08:17]} Bb5+ {[%clk
0:38:36]} 39. Ke1 {[%clk 0:08:30]} Rxg5 {[%clk 0:36:40]} 40. b7 {[%clk 0:07:55]}
Kxb7 {[%clk 0:36:30]} 41. Na5+ {[%clk 0:08:19]} Kc7 {[%clk 0:36:30]} 42. c4
{[%clk 0:08:44]} Ba4 {[%clk 0:36:42]} 43. Nd2 {[%clk 0:07:50]} Rh5 {[%clk
0:33:57]} 44. Rxh5 {[%clk 0:05:54]} gxh5 {[%clk 0:34:23]} 45. Nf3 {[%clk
0:06:08]} Ne7 {[%clk 0:33:43]} 46. Bg3 {[%clk 0:06:12]} Ng6 {[%clk 0:33:46]} 47.
Nxd4 {[%clk 0:06:13]} h4 {[%clk 0:33:32]} 48. Bh2 {[%clk 0:06:38]} Ne7 {[%clk
0:18:44]} 1/2-1/2

[Event "U14 Polish Youth Championship"]
[Site "chess24.com"]
[Date "2018.05.01"]
[Round "4"]
[White "Sieczkowski, Adam"]
[Black "Kujawa, Krzysztof"]
[Result "0-1"]
[Board "22"]
[WhiteElo "1695"]
[WhiteCountry "POL"]
[WhiteFideId "21835250"]
[WhiteEloChange "-13"]
[BlackElo "1595"]
[BlackCountry "POL"]
[BlackFideId "1194500"]
[BlackEloChange "13"]

1. d4 {[%clk 1:28:53]} Nf6 {[%clk 1:30:22]} 2. Nf3 {[%clk 1:29:15]} c5 {[%clk
1:28:21]} 3. c4 {[%clk 1:28:51]} cxd4 {[%clk 1:23:46]} 4. Nxd4 {[%clk 1:24:56]}
b6 {[%clk 1:18:56]} 5. Nc3 {[%clk 1:21:24]} Bb7 {[%clk 1:18:03]} 6. f3 {[%clk
1:14:07]} a6 {[%clk 1:08:42]} 7. e4 {[%clk 1:13:28]} d6 {[%clk 1:09:06]} 8. Be3
{[%clk 1:13:54]} e6 {[%clk 1:06:05]} 9. Be2 {[%clk 1:11:05]} Nbd7 {[%clk
1:05:56]} 10. O-O {[%clk 1:09:00]} Be7 {[%clk 1:05:17]} 11. Qd2 {[%clk 1:00:50]}
O-O {[%clk 1:03:13]} 12. Rac1 {[%clk 0:58:29]} Rc8 {[%clk 0:59:37]} 13. b3 {[%clk
0:58:06]} Ne5 {[%clk 0:51:13]} 14. Qe1 {[%clk 0:45:56]} Nc6 {[%clk 0:48:49]} 15.
Rd1 {[%clk 0:41:03]} Qc7 {[%clk 0:43:52]} 16. Nxc6 {[%clk 0:37:52]} Bxc6 {[%clk
0:40:31]} 17. g4 {[%clk 0:35:40]} Rb8 {[%clk 0:31:43]} 18. Qg3 {[%clk 0:30:49]}
b5 {[%clk 0:30:10]} 19. c5 {[%clk 0:31:05]} Rfd8 {[%clk 0:27:49]} 20. Bd3 {[%clk
0:21:19]} Qa5 {[%clk 0:20:08]} 21. cxd6 {[%clk 0:21:18]} Bxd6 {[%clk 0:20:31]}
22. e5 {[%clk 0:21:44]} Bc7 {[%clk 0:18:43]} 23. Ne2 {[%clk 0:21:37]} Nd5 {[%clk
0:10:25]} 24. Bg5 {[%clk 0:21:25]} Qb6+ {[%clk 0:05:46]} 25. Kh1 {[%clk 0:21:45]}
Ne3 {[%clk 0:04:27]} 26. Bxd8 {[%clk 0:19:21]} Rxd8 {[%clk 0:04:40]} 27. Qh3
{[%clk 0:19:39]} g6 {[%clk 0:03:37]} 28. Nc3 {[%clk 0:18:30]} Nxd1 {[%clk
0:03:32]} 29. Rxd1 {[%clk 0:18:41]} Qe3 {[%clk 0:03:37]} 30. Be4 {[%clk 0:15:45]}
Rxd1+ {[%clk 0:02:05]} 31. Nxd1 {[%clk 0:16:12]} Qe1+ {[%clk 0:02:31]} 32. Kg2
{[%clk 0:16:40]} Bxe4 {[%clk 0:02:30]} 33. Nf2 {[%clk 0:17:06]} Bb6 {[%clk
0:01:57]} 34. Qh4 {[%clk 0:17:02]} Qxf2+ {[%clk 0:02:16]} 35. Qxf2 {[%clk
0:17:27]} Bxf2 {[%clk 0:02:39]} 36. Kxf2 {[%clk 0:17:49]} Bc2 {[%clk 0:03:04]}
37. Ke3 {[%clk 0:18:16]} b4 {[%clk 0:02:59]} 38. Kd4 {[%clk 0:18:42]} Bb1 {[%clk
0:03:18]} 39. Kc5 {[%clk 0:19:05]} a5 {[%clk 0:03:41]} 40. Kb5 {[%clk 0:19:31]}
Bxa2 {[%clk 0:03:55]} 41. Kxa5 {[%clk 0:19:55]} Bxb3 {[%clk 0:04:14]} 42. Kxb4
{[%clk 0:20:20]} Bd1 {[%clk 0:04:38]} 43. g5 {[%clk 0:20:28]} Bxf3 {[%clk
0:05:03]} 44. Kc5 {[%clk 0:20:54]} Kg7 {[%clk 0:05:20]} 45. Kd6 {[%clk 0:21:16]}
h6 {[%clk 0:05:00]} 46. h4 {[%clk 0:21:43]} hxg5 {[%clk 0:05:07]} 47. hxg5 {[%clk
0:22:11]} Kf8 {[%clk 0:05:13]} 48. Kd7 {[%clk 0:22:35]} Bd1 {[%clk 0:05:27]} 49.
Kc6 {[%clk 0:22:27]} Ba4+ {[%clk 0:05:17]} 50. Kb7 {[%clk 0:22:51]} Ke7 {[%clk
0:05:36]} 51. Kc7 {[%clk 0:23:17]} Bd7 {[%clk 0:05:45]} 52. Kb6 {[%clk 0:23:41]}
Kd8 {[%clk 0:06:01]} 53. Kb7 {[%clk 0:24:09]} Ba4 {[%clk 0:06:01]} 54. Kb6 {[%clk
0:24:26]} Kc8 {[%clk 0:05:52]} 55. Kc5 {[%clk 0:24:51]} Kc7 {[%clk 0:06:17]} 56.
Kb4 {[%clk 0:25:08]} Kc6 {[%clk 0:06:32]} 57. Kc4 {[%clk 0:25:31]} Bb3+ {[%clk
0:06:42]} 58. Kd4 {[%clk 0:25:44]} Kb5 {[%clk 0:07:03]} 59. Ke4 {[%clk 0:26:05]}
Kc4 {[%clk 0:07:20]} 60. Ke3 {[%clk 0:26:34]} Kd5 {[%clk 0:07:38]} 61. Kf4 {[%clk
0:27:00]} Kd4 {[%clk 0:07:29]} 0-1

[Event "U14 Polish Youth Championship"]
[Site "chess24.com"]
[Date "2018.05.01"]
[Round "4"]
[White "Wojtasik, Szymon"]
[Black "Jozefik, Aleksander"]
[Result "0-1"]
[Board "23"]
[WhiteElo "1329"]
[WhiteCountry "POL"]
[WhiteFideId "21813990"]
[WhiteEloChange "-12"]
[BlackElo "1266"]
[BlackCountry "POL"]
[BlackFideId "21862184"]
[BlackEloChange "12"]

1. d4 {[%clk 1:30:59]} Nf6 {[%clk 1:30:40]} 2. Nf3 {[%clk 1:31:17]} e6 {[%clk
1:30:27]} 3. Bf4 {[%clk 1:31:41]} d5 {[%clk 1:30:23]} 4. e3 {[%clk 1:31:49]} b6
{[%clk 1:30:00]} 5. Bd3 {[%clk 1:32:06]} Bb7 {[%clk 1:30:17]} 6. Nbd2 {[%clk
1:32:29]} c5 {[%clk 1:30:38]} 7. c3 {[%clk 1:32:42]} Nc6 {[%clk 1:29:51]} 8. Ne5
{[%clk 1:31:35]} c4 {[%clk 1:29:04]} 9. Bc2 {[%clk 1:31:14]} Bd6 {[%clk 1:28:48]}
10. Qf3 {[%clk 1:22:14]} O-O {[%clk 1:27:28]} 11. Qh3 {[%clk 1:17:30]} Ne7 {[%clk
1:25:01]} 12. g4 {[%clk 1:13:04]} Ng6 {[%clk 1:23:07]} 13. Ndf3 {[%clk 0:52:46]}
Nxf4 {[%clk 1:19:10]} 14. exf4 {[%clk 0:51:09]} Ne4 {[%clk 1:18:04]} 15. Nd2
{[%clk 0:47:45]} f6 {[%clk 1:18:03]} 16. f3 {[%clk 0:46:06]} fxe5 {[%clk
1:16:39]} 17. dxe5 {[%clk 0:42:27]} Be7 {[%clk 1:15:09]} 18. fxe4 {[%clk
0:42:19]} Rxf4 {[%clk 1:12:16]} 19. exd5 {[%clk 0:40:54]} Bh4+ {[%clk 1:11:46]}
20. Kd1 {[%clk 0:40:42]} Bxd5 {[%clk 1:12:09]} 21. Rg1 {[%clk 0:38:11]} Rf2
{[%clk 1:11:16]} 22. Qe3 {[%clk 0:36:30]} Qg5 {[%clk 1:08:38]} 23. Qxg5 {[%clk
0:36:01]} Bxg5 {[%clk 1:08:59]} 24. Ne4 {[%clk 0:36:17]} Rxc2 {[%clk 1:08:54]}
25. Nxg5 {[%clk 0:35:56]} Rxh2 {[%clk 1:08:44]} 26. Rf1 {[%clk 0:34:59]} h6
{[%clk 1:08:33]} 27. Nf3 {[%clk 0:35:21]} Bxf3+ {[%clk 1:08:59]} 28. Ke1 {[%clk
0:35:14]} Bxg4 {[%clk 1:09:05]} 29. Rg1 {[%clk 0:35:21]} Bf5 {[%clk 1:09:25]} 30.
Rd1 {[%clk 0:35:47]} Rxb2 {[%clk 1:09:31]} 31. a4 {[%clk 0:35:36]} Bd3 {[%clk
1:09:34]} 32. Rd2 {[%clk 0:35:45]} Rxd2 {[%clk 1:09:54]} 33. Kxd2 {[%clk
0:36:15]} Rf8 {[%clk 1:09:54]} 34. a5 {[%clk 0:36:38]} b5 {[%clk 1:10:40]} 35.
Ra1 {[%clk 0:36:31]} g5 {[%clk 1:10:59]} 36. a6 {[%clk 0:36:57]} g4 {[%clk
1:11:23]} 37. Ra5 {[%clk 0:37:24]} g3 {[%clk 1:11:45]} 38. Rxb5 {[%clk 0:37:22]}
g2 {[%clk 1:12:10]} 39. Rb7 {[%clk 0:36:09]} g1Q {[%clk 1:12:21]} 40. Rg7+ {[%clk
0:36:09]} Qxg7 {[%clk 1:12:43]} 41. Ke1 {[%clk 0:36:14]} Qg3+ {[%clk 1:12:54]}
42. Kd1 {[%clk 0:36:35]} Rf1+ {[%clk 1:13:07]} 43. Kd2 {[%clk 0:37:03]} Qf2#
{[%clk 1:13:30]} 0-1